Berühmte Erfindungen vor 1800 - Statistiken

Allgemein
  • Dieses Quiz wurde 79 mal gespielt
  • Das Durchschnittsergebnis liegt bei 22 aus 56
Antwortstatistiken
Jahr Erfinder Erfindung % Korrekt
1445 - 1454 Johannes Gutenberg 📙 Buchdruck
89%
100 n. Chr. Cai Lun 📄 Papier
87%
6. Jhd. k.A. 🍦 Eiscreme / Speiseeis
84%
1511 Peter Henlein 👜 🕒 Taschenuhr
84%
4 000 v. Chr. Sumerer 🍻 Bier
83%
16. Jhd. Europa ☔ Regenschirm
79%
1285 Alessandro della Spina 👓 Brille
76%
1700 Bartolomeo Cristofori 🎹 Klavier
76%
3 000 v. Chr. k.A. 🛞 Rad
76%
1670 Mönch Dom Pérignon 🥂 Champagner
74%
1596 John Harington🚽 Toilette mit Wasserspülung
74%
1350 - 1400 Deutsche ⏰ Wecker
73%
1783 Gebrüder Montgolfier 🔥 🎈 Heißluftballon
71%
2 700 v. Chr. Ägypter 📜 Papyrus
70%
1655 Stephan Farftler♿ Rollstuhl
67%
475 v. Chr. Chinesen 🧭 Kompass
66%
1608 / 1609 Hans Lipperhey / Galileo Galilei /Zacharias Janssen🔭 Fernrohr / Teleskop
64%
1792 Dominique - Jean Larrey 🚑 Krankenwagen
64%
1799 Alessandro Volta🔋 Batterie
63%
1597 Galileo Galilei 🌡️ Thermometer
63%
1712 / 1769 Thomas Newcomen / James Watt 🌫 Dampfmaschine
61%
1670er Antoni van Leeuwenhoek🔬 Licht - Mikroskop
60%
2 000 v. Chr. Ägypter / Semiten 🔤 Alphabet
59%
1769 / 1797 Nicholas Cugnot / Richard Trevithick 🚂 Dampfwagen
54%
1071 Byzantiner 🍴 Gabel
53%
500 v. Chr. Ägypter / Griechen 🚣 Ruderboot
53%
1752 Benjamin Franklin 🌩 Blitzableiter
51%
1492 - 1493 Martin Behaim 🌐 Globus
47%
618 Chinesen 🍽 Porzellan
34%
1 600 v. Chr. Ägypter 🍸 Glas
31%
1565 Schweizer ✏ Bleistift
30%
1044 chin. Alchemisten Schwarzpulver
30%
1783 Claude de Jouffroy d'Abbans Dampfschiff
27%
1 000 v. Chr. Assyrer / Archimedes 🍾 🚂 Flaschenzug
21%
1649 - 1650 Otto von Guericke Luftpumpe
21%
1735 Carl von Linné Bio. Ordnungssystem
13%
1483 Leonardo da Vinci Fallschirm
10%
2 680 v. Chr. Pharao Djoser / Snofru Pyramiden
9%
1623 Wilhelm Schick ARD Rechenmaschine
7%
1250 Chinesen Kanone
6%
1560 Italiener Kondom
6%
1735 Francois de Cuvilliés Küchenherd
6%
1 200 v. Chr. Ägypter / Eupalinos von Megara Aquädukt
4%
1755 John Smeaton Beton
4%
1690 - 1695 Johann Chr. Denner Klarinette
4%
1784 Edmund Cartwright dampfbetr. Webstuhl
3%
1644 Evangelista Torricelli Quecksilber - Barometer
3%
1620 Cornelius Drebbel U-Boot
1%
500 v. Chr. Ägypter / Babyloner / Griechen Abakus
0%
1679 Gottfried Wilhelm von Leibniz Binärsystem (0+1)
0%
1640 / 1657 Galileo Galilei / Christiaan Huygens Pendeluhr
0%
1770 Edward Nairne / Joseph Priestley Radiergummi
0%
1730 John Hadley / Thomas Godfrey Sextant
0%
1509 Engländer Tapete
0%
1740 Stephen Hales Ventilator
0%
7. Jhd. Persien / Tibet / China Windmühle
0%
Keine übereinstimmenden Quizze gefunden
Verteilung der Resultate
Anzahl Personen mit jedem Resultat
Perzentil nach korrekt beantworteten Fragen
Ihre Resultats-Entwicklung
Sie haben dieses Quiz noch nicht gespielt